[Event "POL-chT 1st League"]
[Site "Jarnoltowek"]
[Date "2005.09.03"]
[Round "1.16"]
[White "Stefanek, Piotr"]
[Black "Lisowski, Krzysztof"]
[Result "0-1"]
[WhiteElo "2200"]
[BlackElo "2241"]
[PlyCount "72"]
[EventDate "2005.09.03"]
[EventType "team-tourn"]
[EventRounds "9"]
[EventCountry "POL"]
[SourceTitle "EXT 2019"]
[Source "ChessBase"]
[SourceDate "2018.10.10"]
[SourceVersion "1"]
[SourceVersionDate "2018.10.10"]
[SourceQuality "1"]
[WhiteTeam "Gliwice Politechnika Slaska"]
[BlackTeam "Ostroda Ostrodzianka"]
[WhiteTeamCountry "POL"]
[BlackTeamCountry "POL"]

1. e4 c5 2. Nf3 Nc6 3. Bb5 d6 4. 0-0 Bd7 5. Re1 a6 6. Bf1 Bg4 7. h3 Bxf3 8. Qxf3 g6 9. c3 Bg7 10. d3 Nf6 11. Be3 Nd7 12. Nd2 0-0 13. Qd1 Rc8 14. Nf3 Nde5 15. Nh2 Qa5 16. d4 cxd4 17. cxd4 Nd7 18. a3 d5 19. exd5 Qxd5 20. Nf3 Rfd8 21. Rc1 Nb6 22. Rc3 e6 23. Qb3 Nxd4 24. Qxb6 Nxf3+ 25. gxf3 Bxc3 26. bxc3 Rxc3 27. a4 Rb3 28. Qc7 Qd6 29. Qxd6 Rxd6 30. a5 Rd7 31. Rc1 Ra3 32. Bb6 Rd5 33. Rc7 Ra1 34. Kg2 Rg5+ 35. Kh2 Rxf1 36. f4 Rd5 0-1

[Event "POL-chT 60th 1st League"]
[Site "Ustron"]
[Date "2004.09.04"]
[Round "1"]
[White "Stefanek, Piotr"]
[Black "Brodowski, Piotr"]
[Result "1-0"]
[WhiteElo "2191"]
[BlackElo "2238"]
[PlyCount "61"]
[EventDate "2004.09.04"]
[EventType "team-tourn"]
[EventRounds "9"]
[EventCountry "POL"]
[SourceTitle "EXT 2007"]
[Source "ChessBase"]
[SourceDate "2006.11.23"]
[SourceVersion "1"]
[SourceVersionDate "2006.11.23"]
[SourceQuality "1"]
[WhiteTeam "Gliwice Politechnika Slaska"]
[BlackTeam "Kozuchow Odrodzenie"]
[WhiteTeamCountry "POL"]
[BlackTeamCountry "POL"]

1. e4 c5 2. Nf3 Nc6 3. d4 cxd4 4. Nxd4 Nf6 5. Nc3 e5 6. Ndb5 d6 7. Bg5 a6 8. Na3 b5 9. Nd5 Be7 10. Bxf6 Bxf6 11. c4 b4 12. Nc2 a5 13. Qf3 Bg5 14. a3 0-0 15. h4 Bh6 16. g4 b3 17. Nce3 Nd4 18. Qg3 f6 19. Bd3 Be6 20. 0-0-0 Bxd5 21. exd5 Bf4 22. Qg2 Qb6 23. Kb1 Ra7 24. Rdg1 Nc2 25. Qe4 g6 26. h5 Nxe3 27. hxg6 Nc2 28. g7 Rxg7 29. Rxh7 Rff7 30. Rh5 Nd4 31. Rgh1 1-0

[Event "POL-chT 2nd League"]
[Site "Wysowa"]
[Date "2003.09.10"]
[Round "6"]
[White "Matras Clement, Agnieszka"]
[Black "Stefanek, Piotr"]
[Result "1-0"]
[WhiteElo "2211"]
[BlackElo "2230"]
[PlyCount "138"]
[EventDate "2003.09.06"]
[EventType "team-swiss"]
[EventRounds "11"]
[EventCountry "POL"]
[SourceTitle "CBM 096 Extra"]
[Source "ChessBase"]
[SourceDate "2003.10.22"]
[SourceVersion "2"]
[SourceVersionDate "2003.10.20"]
[SourceQuality "1"]
[WhiteTeam "Rybnik MKSz"]
[BlackTeam "Gliwice Politechnika Slaska"]
[WhiteTeamCountry "POL"]
[BlackTeamCountry "POL"]

1. e4 g6 2. d4 Bg7 3. Nc3 d6 4. Be3 Nf6 5. Qd2 Nbd7 6. f3 a6 7. 0-0-0 b5 8. Bh6 Bxh6 9. Qxh6 e5 10. dxe5 dxe5 11. h4 Qe7 12. h5 Bb7 13. hxg6 fxg6 14. Nh3 0-0-0 15. Ng5 Nb6 16. Qh3+ Kb8 17. Qe6 Rxd1+ 18. Nxd1 Re8 19. Qxe7 Rxe7 20. Ne3 Nh5 21. Bd3 c6 22. Nf5 gxf5 23. Rxh5 f4 24. Rxh7 Rxh7 25. Nxh7 Kc7 26. Ng5 Nd7 27. Nf7 c5 28. Kd2 Kc6 29. c4 Kb6 30. Ke2 Ka5 31. Kf2 Kb4 32. cxb5 axb5 33. a3+ Ka4 34. Bc2+ Ka5 35. g3 fxg3+ 36. Kxg3 c4 37. Kg4 b4 38. axb4+ Kxb4 39. Kf5 c3 40. bxc3+ Kxc3 41. Nxe5 Nc5 42. Bb1 Kd4 43. Ng4 Bc6 44. Nf6 Nb7 45. Ba2 Ke3 46. Kg4 Nc5 47. Bd5 Bb5 48. Kg3 Bd3 49. Ng4+ Kd4 50. Kf4 Be2 51. Ne5 Na4 52. Nc6+ Kc5 53. Ke3 Nc3 54. Ne7 Bf1 55. Bb3 Bh3 56. f4 Kd6 57. Ng6 Nb5 58. f5 Kc7 59. f6 Nd6 60. f7 Nxf7 61. Bxf7 Kd6 62. Kf4 Bc8 63. Kg5 Bd7 64. Kf6 Ba4 65. e5+ Kc7 66. e6 Kd8 67. e7+ Kc7 68. Kg7 Bb5 69. Kf8 Ba4 1-0

[Event "POL-chT 2nd League"]
[Site "Wysowa"]
[Date "2003.09.07"]
[Round "2"]
[White "Stefanek, Piotr"]
[Black "Zowada, Kazimierz"]
[Result "1-0"]
[WhiteElo "2230"]
[BlackElo "2217"]
[PlyCount "104"]
[EventDate "2003.09.06"]
[EventType "team-swiss"]
[EventRounds "11"]
[EventCountry "POL"]
[SourceTitle "CBM 096 Extra"]
[Source "ChessBase"]
[SourceDate "2003.10.22"]
[SourceVersion "2"]
[SourceVersionDate "2003.10.20"]
[SourceQuality "1"]
[WhiteTeam "Gliwice Politechnika Slaska"]
[BlackTeam "Jaworzno JKSz MCKiS II"]
[WhiteTeamCountry "POL"]
[BlackTeamCountry "POL"]

1. e4 g6 2. d4 Bg7 3. Nc3 d6 4. g3 Nc6 5. Be3 Nf6 6. h3 0-0 7. Bg2 a6 8. a4 Bd7 9. Nge2 e5 10. 0-0 Rb8 11. a5 Re8 12. f4 exd4 13. Nxd4 Nxd4 14. Bxd4 c5 15. Bf2 Bc6 16. Re1 Qc7 17. Qd3 Bf8 18. g4 g5 19. fxg5 Nd7 20. Nd5 Bxd5 21. exd5 Rxe1+ 22. Rxe1 Ne5 23. Qf5 Ng6 24. Bg3 Bg7 25. h4 Bxb2 26. h5 Nf8 27. Rb1 Bd4+ 28. Kh1 Rd8 29. c4 Rd7 30. Rb6 Qd8 31. Bf4 Qe7 32. Qe4 Qd8 33. Qd3 Qe7 34. Qg3 Qe2 35. Rxd6 Rxd6 36. Bxd6 Nd7 37. Bf3 Qxc4 38. Qe1 Bg7 39. h6 Bf8 40. Bxf8 Qf4 41. Qe4 Qxe4 42. Bxe4 Kxf8 43. d6 c4 44. Bxh7 b5 45. axb6 Nxb6 46. Kg2 a5 47. Kf2 a4 48. Ke3 a3 49. Bb1 Nd5+ 50. Kd4 c3 51. Kd3 f6 52. h7 Nf4+ 1-0

[Event "POL-chT 58th 2nd League"]
[Site "Wisla"]
[Date "2002.??.??"]
[Round "?"]
[White "Stefanek, Piotr"]
[Black "Lada, Marek"]
[Result "1-0"]
[WhiteElo "2192"]
[BlackElo "2245"]
[PlyCount "40"]
[EventDate "2002.08.30"]
[EventType "team-swiss"]
[EventRounds "11"]
[EventCountry "POL"]
[SourceTitle "EXT 2019"]
[Source "ChessBase"]
[SourceDate "2018.10.10"]
[SourceVersion "1"]
[SourceVersionDate "2018.10.10"]
[SourceQuality "1"]

1. e4 e6 2. d4 d5 3. exd5 exd5 4. Nf3 Nc6 5. Bb5 Bd6 6. c4 dxc4 7. d5 a6 8. Ba4 b5 9. dxc6 bxa4 10. 0-0 Ne7 11. Qxa4 Be6 12. Nc3 0-0 13. Re1 h6 14. h3 Qc8 15. Ne4 Rb8 16. Nxd6 cxd6 17. Nd4 Re8 18. Bf4 Rxb2 19. Nxe6 fxe6 20. Qxc4 Nxc6 1-0

[Event "Limhamns U18"]
[Site "Malmo"]
[Date "2000.06.19"]
[Round "2"]
[White "Stefanek, Piotr"]
[Black "Kryger, Oksana"]
[Result "1/2-1/2"]
[WhiteElo "2230"]
[BlackElo "2089"]
[PlyCount "130"]
[EventDate "2000.??.??"]
[EventType "tourn"]
[EventRounds "6"]
[EventCountry "SWE"]
[SourceTitle "EXT 2002"]
[Source "ChessBase"]
[SourceDate "2001.11.25"]
[SourceVersion "1"]
[SourceVersionDate "2001.11.25"]
[SourceQuality "1"]

1. e4 e6 2. d3 d5 3. Nd2 c5 4. Ngf3 Nc6 5. g3 Nf6 6. Bg2 Be7 7. 0-0 0-0 8. Re1 Qc7 9. h4 Rd8 10. exd5 exd5 11. d4 Bg4 12. dxc5 Bxc5 13. Nb3 Bxf2+ 14. Kxf2 Ne4+ 15. Kg1 Qxg3 16. Rf1 Ne5 17. Nbd4 Rd6 18. Qe1 Bxf3 19. Qxg3 Nxg3 20. Nxf3 Nxf1 21. Nxe5 Ng3 22. Bd2 Re8 23. Re1 Ne4 24. Bf4 Rde6 25. Nd3 Nf6 26. Rd1 Re2 27. c3 b6 28. Bf3 R2e6 29. Kf1 a5 30. Bh2 Re3 31. Kf2 R3e7 32. Kf1 Rd8 33. Bg1 Re6 34. Nf4 Red6 35. Bd4 Ne4 36. Ke2 Ng3+ 37. Kd3 Nf5 38. Be5 R6d7 39. Bg4 Re7 40. Bf6 Re3+ 41. Kd2 gxf6 42. Nd3 Rxd3+ 43. Kxd3 Nxh4 44. Ke3 Re8+ 45. Kf2 Re5 46. Bc8 Ng6 47. Rd4 Ne7 48. Bh3 Kg7 49. Bg2 Kg6 50. b4 Nc6 51. Rd1 axb4 52. c4 dxc4 53. Bxc6 Ra5 54. Be4+ f5 55. Bb1 c3 56. Ke3 c2 57. Bxc2 Rxa2 58. Bb1 Ra3+ 59. Kf4 b3 60. Bxf5+ Kg7 61. Rg1+ Kf6 62. Bxh7 b2 63. Rg2 Rb3 64. Bb1 Rb4+ 65. Ke3 Ke6 1/2-1/2

[Event "Malmo op U20"]
[Site "Malmo "]
[Date "1999.??.??"]
[Round "4"]
[White "Rylander, Dennis"]
[Black "Stefanek, Piotr"]
[Result "0-1"]
[WhiteElo "2141"]
[BlackElo "2205"]
[PlyCount "150"]
[EventDate "1999.??.??"]
[EventType "swiss"]
[EventRounds "9"]
[EventCountry "SWE"]
[SourceTitle "EXT 2002"]
[Source "ChessBase"]
[SourceDate "2001.11.25"]
[SourceVersion "1"]
[SourceVersionDate "2001.11.25"]
[SourceQuality "1"]

1. d4 Nf6 2. c4 Nc6 3. Nc3 e5 4. d5 Ne7 5. e4 Ng6 6. h4 h5 7. Bg5 Bc5 8. Be2 d6 9. b4 Bd4 10. Rc1 a5 11. Nb5 axb4 12. Nxd4 exd4 13. Qxd4 Qe7 14. Nf3 Rxa2 15. Bd3 Ne5 16. Nxe5 Qxe5 17. Qxe5+ dxe5 18. c5 Ra3 19. Ke2 c6 20. Rhd1 Bd7 21. Ra1 0-0 22. Rab1 Ra4 23. Rdc1 Rfa8 24. f3 Ra2+ 25. Ke1 R2a3 26. Bc4 Rc3 27. Rxc3 bxc3 28. Ke2 cxd5 29. exd5 Ra4 30. c6 bxc6 31. Rb8+ Ne8 32. dxc6 Bxc6 33. Bb3 Rd4 34. Rb6 Bd7 35. Be3 Rxh4 36. Rb7 Nf6 37. Bg5 Rd4 38. Be3 Rd6 39. Rb8+ Kh7 40. Bxf7 c2 41. Rb2 Bf5 42. Bb3 Rc6 43. Bc1 e4 44. Ba4 Rc8 45. Kd2 exf3 46. gxf3 h4 47. Ke2 Rc5 48. Rb4 h3 49. Kf2 Kg6 50. Rd4 Nh7 51. Rd6+ Kf7 52. Kg3 Nf8 53. Bb3+ Ne6 54. Rd7+ Kg6 55. Rd6 Kf6 56. Rd2 Rc7 57. Bb2+ Kf7 58. Bc1 g5 59. Rd5 Kf6 60. Bb2+ Kg6 61. Rd6 h2 62. Kxh2 Rb7 63. Rxe6+ Bxe6 64. Bxc2+ Kh5 65. Be5 Rb5 66. Bf6 Ra5 67. Kg3 Bd5 68. Be7 Ra7 69. Bd6 Ra6 70. Be5 Ra3 71. Bd1 Rd3 72. Be2 Re3 73. Bd1 Re1 74. f4+ Rxd1 75. fxg5 Kxg5 0-1

[Event "POL-chT 2nd div South"]
[Site "Polanica Zdroj"]
[Date "1999.??.??"]
[Round "6"]
[White "Stefanek, Piotr"]
[Black "Kasperek, Wieslaw"]
[Result "1/2-1/2"]
[WhiteElo "2205"]
[BlackElo "2230"]
[PlyCount "20"]
[EventDate "1999.09.17"]
[EventType "team-swiss"]
[EventRounds "10"]
[EventCountry "POL"]
[SourceTitle "EXT 2001"]
[Source "ChessBase"]
[SourceDate "2000.11.22"]
[SourceVersion "1"]
[SourceVersionDate "2000.11.22"]
[SourceQuality "1"]
[WhiteTeam "POL-chT 2nd div South 10"]
[BlackTeam "POL-chT 2nd div South 16"]
[WhiteTeamCountry "POL"]
[BlackTeamCountry "POL"]

1. e4 c5 2. Nf3 e6 3. d4 cxd4 4. Nxd4 Nf6 5. Bd3 a6 6. 0-0 d6 7. Kh1 Qc7 8. f4 Nc6 9. Nf3 Be7 10. Qe2 b6 1/2-1/2

[Event "Malmo op U20"]
[Site "Malmo "]
[Date "1999.??.??"]
[Round "7"]
[White "Stefanek, Piotr"]
[Black "Owczarzak, Jerzy"]
[Result "1/2-1/2"]
[WhiteElo "2205"]
[BlackElo "2194"]
[PlyCount "123"]
[EventDate "1999.??.??"]
[EventType "swiss"]
[EventRounds "9"]
[EventCountry "SWE"]
[SourceTitle "EXT 2002"]
[Source "ChessBase"]
[SourceDate "2001.11.25"]
[SourceVersion "1"]
[SourceVersionDate "2001.11.25"]
[SourceQuality "1"]

1. e4 e6 2. d4 d5 3. exd5 exd5 4. Nf3 Nf6 5. Bd3 Be7 6. 0-0 0-0 7. Bf4 Bg4 8. Nbd2 Nbd7 9. Re1 Re8 10. c3 Bh5 11. Qb3 Nf8 12. Qxb7 Ne6 13. Be3 c5 14. dxc5 Bxc5 15. Nb3 Bxe3 16. Rxe3 Nf4 17. Rxe8+ Nxe8 18. Ne1 Nd6 19. Qb4 Qf6 20. Bf1 Ne4 21. Qd4 Qg5 22. Qe3 Qf6 23. g3 Ng6 24. Bg2 Re8 25. Nd3 Re7 26. Qd4 Qf5 27. Re1 Bf3 28. Bxf3 Qxf3 29. Qe3 Qf6 30. Nf4 Nxc3 31. Qd2 Nxf4 32. Rxe7 Qxe7 33. bxc3 Ne6 34. Qxd5 g6 35. Nd4 Nc5 36. Kg2 Na4 37. Qb3 Qe4+ 38. f3 Qe8 39. Qc4 Nb6 40. Qd3 Qa4 41. Qe2 Nd5 42. Nb5 a6 43. c4 Qxc4 44. Qe8+ Kg7 45. Qxf7+ Kxf7 46. Nd6+ Ke6 47. Nxc4 Nc3 48. a3 Kd5 49. Nb2 Nb1 50. a4 Kd4 51. f4 Nd2 52. Kf2 a5 53. Ke2 Ne4 54. g4 Nf6 55. Kf3 Kc3 56. Nd1+ Kb3 57. f5 gxf5 58. gxf5 Kxa4 59. Nc3+ Kb4 60. Nb1 a4 61. Kf4 Kb3 62. Ke5 1/2-1/2

[Event "POL-chT 2nd div South"]
[Site "Polanica Zdroj"]
[Date "1999.??.??"]
[Round "4"]
[White "Suleja, Jaroslaw"]
[Black "Stefanek, Piotr"]
[Result "0-1"]
[WhiteElo "2240"]
[BlackElo "2205"]
[PlyCount "40"]
[EventDate "1999.09.17"]
[EventType "team-swiss"]
[EventRounds "10"]
[EventCountry "POL"]
[SourceTitle "EXT 2001"]
[Source "ChessBase"]
[SourceDate "2000.11.22"]
[SourceVersion "1"]
[SourceVersionDate "2000.11.22"]
[SourceQuality "1"]
[WhiteTeam "POL-chT 2nd div South 01"]
[BlackTeam "POL-chT 2nd div South 10"]
[WhiteTeamCountry "POL"]
[BlackTeamCountry "POL"]

1. e4 c5 2. Nf3 Nc6 3. Bb5 e6 4. 0-0 Nge7 5. Re1 a6 6. Bf1 Ng6 7. d4 cxd4 8. Nxd4 Be7 9. Be3 Qc7 10. Nd2 0-0 11. c4 Rd8 12. Rc1 Nxd4 13. Bxd4 d6 14. Qb3 Qc6 15. Qb6 e5 16. Qxc6 bxc6 17. Bb6 Rf8 18. Nb3 Be6 19. Rcd1 Rfc8 20. g3 c5 0-1

[Event "POL-chT U19 29th"]
[Site "Rowy"]
[Date "1998.08.29"]
[Round "10"]
[White "Stefanek, Piotr"]
[Black "Jedryczka, Krystian"]
[Result "1/2-1/2"]
[WhiteElo "2215"]
[BlackElo "2465"]
[PlyCount "34"]
[EventDate "1998.08.20"]
[EventType "team-tourn"]
[EventRounds "11"]
[EventCountry "POL"]
[SourceTitle "EXT 2000"]
[Source "ChessBase"]
[SourceDate "1999.11.16"]
[SourceVersion "1"]
[SourceVersionDate "1999.11.16"]
[SourceQuality "1"]
[WhiteTeam "Rybnik MKSz U19"]
[BlackTeam "Plock PTSz U19"]
[WhiteTeamCountry "POL"]
[BlackTeamCountry "POL"]

1. c4 e5 2. Nf3 Nc6 3. d4 Bb4+ 4. Bd2 Bxd2+ 5. Qxd2 exd4 6. Nxd4 Qf6 7. Nb5 Qd8 8. N1c3 a6 9. Nd4 Nxd4 10. Qxd4 Nf6 11. g3 0-0 12. Bg2 d6 13. 0-0 Re8 14. b3 Rb8 15. Rfd1 Bd7 16. Rd2 Ng4 17. c5 Qg5 1/2-1/2

[Event "POL-chT U19 29th"]
[Site "Rowy"]
[Date "1998.08.28"]
[Round "9"]
[White "Stefanek, Piotr"]
[Black "Szymanski, Marcin"]
[Result "0-1"]
[WhiteElo "2215"]
[BlackElo "2295"]
[PlyCount "74"]
[EventDate "1998.08.20"]
[EventType "team-tourn"]
[EventRounds "11"]
[EventCountry "POL"]
[SourceTitle "EXT 2000"]
[Source "ChessBase"]
[SourceDate "1999.11.16"]
[SourceVersion "1"]
[SourceVersionDate "1999.11.16"]
[SourceQuality "1"]
[WhiteTeam "Rybnik MKSz U19"]
[BlackTeam "Wisla Strumien U19"]
[WhiteTeamCountry "POL"]
[BlackTeamCountry "POL"]

1. Nf3 e6 2. g3 b5 3. Bg2 Bb7 4. 0-0 Nf6 5. b3 Be7 6. Bb2 0-0 7. c4 a6 8. Na3 b4 9. Nc2 a5 10. d4 d6 11. Ne3 Nbd7 12. d5 Nc5 13. Nd4 e5 14. Ndf5 g6 15. Nxe7+ Qxe7 16. Kh1 Nfd7 17. g4 Rae8 18. Qc2 Qh4 19. Bc1 Bc8 20. Bd2 Nf6 21. f3 h5 22. g5 Nh7 23. Rg1 Bh3 24. a3 Nxg5 25. axb4 axb4 26. Ra7 Re7 27. Bxh3 Nxh3 28. Rg3 Kh8 29. Nf5 gxf5 30. Qxf5 Nf4 31. Rg5 f6 32. Bxf4 Qxf4 33. Rxh5+ Kg8 34. Qh3 Qc1+ 35. Kg2 Rg7+ 36. Qg3 Rxg3+ 37. hxg3 Rc8 0-1

[Event "POL-chT U19 29th"]
[Site "Rowy"]
[Date "1998.08.20"]
[Round "1"]
[White "Stefanek, Piotr"]
[Black "Mista, Aleksander"]
[Result "0-1"]
[WhiteElo "2215"]
[BlackElo "2255"]
[PlyCount "44"]
[EventDate "1998.08.20"]
[EventType "team-tourn"]
[EventRounds "11"]
[EventCountry "POL"]
[SourceTitle "EXT 2000"]
[Source "ChessBase"]
[SourceDate "1999.11.16"]
[SourceVersion "1"]
[SourceVersionDate "1999.11.16"]
[SourceQuality "1"]
[WhiteTeam "Rybnik MKSz U19"]
[BlackTeam "Lublin Start U19"]
[WhiteTeamCountry "POL"]
[BlackTeamCountry "POL"]

1. e4 g6 2. d4 Bg7 3. Nc3 d6 4. Nf3 Nf6 5. Bf4 0-0 6. Qd2 Bg4 7. Be2 Nc6 8. 0-0-0 Bxf3 9. Bxf3 e5 10. dxe5 dxe5 11. Be3 Qe7 12. Nd5 Nxd5 13. exd5 Nd4 14. Bxd4 exd4 15. Rhe1 Qd6 16. h4 c5 17. dxc6 bxc6 18. h5 Rab8 19. Qa5 Rb5 20. Qa4 Qf4+ 21. Kb1 Rxb2+ 22. Kxb2 d3+ 0-1

[Event "POL-chT 2nd League South"]
[Site "Wisla"]
[Date "1998.??.??"]
[Round "?"]
[White "Juroszek, Tadeusz"]
[Black "Stefanek, Piotr"]
[Result "0-1"]
[WhiteElo "2360"]
[BlackElo "2215"]
[PlyCount "108"]
[EventDate "1998.11.20"]
[EventType "team-swiss"]
[EventRounds "10"]
[EventCountry "POL"]
[SourceTitle "EXT 2000"]
[Source "ChessBase"]
[SourceDate "1999.11.16"]
[SourceVersion "1"]
[SourceVersionDate "1999.11.16"]
[SourceQuality "1"]

1. Nf3 Nf6 2. c4 c6 3. g3 d5 4. b3 Bg4 5. Bg2 Nbd7 6. Bb2 e6 7. 0-0 Bd6 8. d3 0-0 9. Nbd2 Re8 10. h3 Bh5 11. e4 Qc7 12. Qe2 dxe4 13. dxe4 e5 14. a3 a5 15. Rac1 b6 16. g4 Bg6 17. Ne1 Nc5 18. Qe3 Ne6 19. Nd3 Nd7 20. Nf3 Nf4 21. Rfe1 Nc5 22. Nxc5 Bxc5 23. Qc3 Rad8 24. Bf1 f6 25. b4 axb4 26. axb4 Bd4 27. Qb3 c5 28. Rb1 Ne6 29. Nh4 Bxb2 30. Qxb2 Nd4 31. Re3 cxb4 32. Nxg6 hxg6 33. Qxb4 Nc2 34. Qb3 Nxe3 35. fxe3 Kh7 36. Qxb6 Qxb6 37. Rxb6 Rd1 38. Kf2 Red8 39. Rb2 Rc1 40. Be2 Ra8 41. Rd2 Ra3 42. Bd3 Raa1 43. Be2 Rh1 44. Kg2 Kh6 45. Rb2 Rhc1 46. Kf2 Rc3 47. Rd2 Raa3 48. h4 Rxe3 49. Rc2 Rxe4 50. c5 Ree3 51. c6 Rec3 52. Rxc3 Rxc3 53. Bf3 f5 54. g5+ Kh7 0-1

[Event "POL-ch sf"]
[Site "Czestochowa"]
[Date "1998.??.??"]
[Round "8"]
[White "Oliwa, Patryk"]
[Black "Stefanek, Piotr"]
[Result "0-1"]
[WhiteElo "2285"]
[BlackElo "2215"]
[PlyCount "88"]
[EventDate "1998.10.??"]
[EventType "swiss"]
[EventRounds "11"]
[EventCountry "POL"]
[SourceTitle "EXT 2000"]
[Source "ChessBase"]
[SourceDate "1999.11.16"]
[SourceVersion "1"]
[SourceVersionDate "1999.11.16"]
[SourceQuality "1"]

1. d4 Nf6 2. c4 Nc6 3. Nf3 e6 4. Bg5 Bb4+ 5. Nbd2 h6 6. Bxf6 Qxf6 7. a3 Bxd2+ 8. Qxd2 d6 9. e3 0-0 10. Be2 e5 11. d5 Ne7 12. 0-0 Qg6 13. Rac1 f5 14. c5 f4 15. exf4 Rxf4 16. cxd6 cxd6 17. Kh1 Bg4 18. Rc7 Nf5 19. Ng1 Rf8 20. Bd3 Rd4 21. Bxf5 Bxf5 22. Qe3 Be4 23. Qg3 Qxg3 24. hxg3 Bxd5 25. Nf3 Rd3 26. Kg1 Bc6 27. Nh4 g5 28. Ng6 Rf7 29. Ne7+ Kf8 30. Ng6+ Kg7 31. Ne7 Kh7 32. b4 Rxa3 33. Rd1 Ra2 34. f3 g4 35. b5 Rxg2+ 36. Kxg2 Bxf3+ 37. Kg1 Bxd1 38. Rxb7 e4 39. Rxa7 e3 40. Nc6 Rxa7 41. Nxa7 Bf3 42. b6 h5 43. Nb5 e2 44. Kf2 h4 0-1

[Event "POL-ch U18"]
[Site "Krynica"]
[Date "1998.??.??"]
[Round "?"]
[White "Stefanek, Piotr"]
[Black "Blehm, Pawel"]
[Result "0-1"]
[WhiteElo "2205"]
[BlackElo "2380"]
[PlyCount "72"]
[EventDate "1998.??.??"]
[EventType "swiss"]
[EventRounds "11"]
[EventCountry "POL"]
[SourceTitle "EXT 2002"]
[Source "ChessBase"]
[SourceDate "2001.11.25"]
[SourceVersion "1"]
[SourceVersionDate "2001.11.25"]
[SourceQuality "1"]

1. e4 c5 2. Nf3 Nc6 3. d4 cxd4 4. Nxd4 Nf6 5. Nc3 d6 6. g3 g6 7. Bg2 Nxd4 8. Qxd4 Bg7 9. 0-0 0-0 10. Qd3 Nd7 11. Nd5 Nc5 12. Qe2 e6 13. Ne3 b6 14. c4 Bb7 15. Nc2 Qc7 16. Rd1 Rac8 17. Rb1 Rfe8 18. Bf4 e5 19. Bd2 Ne6 20. Na3 Nd4 21. Qd3 f5 22. f3 Ba6 23. Rbc1 fxe4 24. fxe4 Rf8 25. Be3 Qe7 26. b3 d5 27. Nb5 dxc4 28. bxc4 Rfd8 29. Bxd4 exd4 30. e5 Bh6 31. Nd6 Be3+ 32. Kh1 Rc5 33. Qa3 Bxc1 34. Qxa6 Rxe5 35. Bd5+ Rxd5 36. cxd5 Be3 0-1

[Event "POL-ch sf"]
[Site "Czestochowa"]
[Date "1998.??.??"]
[Round "6"]
[White "Stefanek, Piotr"]
[Black "Gawronski, Miroslaw"]
[Result "1-0"]
[WhiteElo "2215"]
[BlackElo "2155"]
[PlyCount "37"]
[EventDate "1998.10.??"]
[EventType "swiss"]
[EventRounds "11"]
[EventCountry "POL"]
[SourceTitle "EXT 2000"]
[Source "ChessBase"]
[SourceDate "1999.11.16"]
[SourceVersion "1"]
[SourceVersionDate "1999.11.16"]
[SourceQuality "1"]

1. e4 Nf6 2. e5 Nd5 3. d4 c5 4. c3 d6 5. Nf3 Bg4 6. Bb5+ Nc6 7. h3 Bxf3 8. Qxf3 e6 9. 0-0 cxd4 10. cxd4 Qc7 11. Re1 Rc8 12. Qxd5 exd5 13. exd6+ Kd7 14. dxc7 Kxc7 15. Bf4+ Kb6 16. Bxc6 bxc6 17. Nc3 a5 18. Rac1 h6 19. Nxd5+ 1-0

[Event "Jantar Baltyku op-A"]
[Site "Poland"]
[Date "1998.??.??"]
[Round "?"]
[White "Stefanek, Piotr"]
[Black "Kochetkov, German"]
[Result "1-0"]
[WhiteElo "2205"]
[BlackElo "2420"]
[PlyCount "83"]
[EventDate "1998.??.??"]
[EventType "swiss"]
[EventRounds "7"]
[EventCountry "POL"]
[SourceTitle "EXT 2003"]
[Source "ChessBase"]
[SourceDate "2002.11.25"]
[SourceVersion "1"]
[SourceVersionDate "2002.11.25"]
[SourceQuality "1"]

1. e4 c5 2. Nf3 Nc6 3. Bb5 d6 4. 0-0 Bd7 5. Re1 a6 6. Bf1 Bg4 7. h3 Bxf3 8. Qxf3 g6 9. c3 Bg7 10. Na3 Nf6 11. Nc2 Nd7 12. d3 b5 13. Ne3 b4 14. Bd2 0-0 15. Qg3 bxc3 16. bxc3 Kh8 17. Nd5 Rb8 18. Bg5 Re8 19. Rab1 f6 20. Be3 Qa5 21. d4 f5 22. dxc5 fxe4 23. Rxb8 Ncxb8 24. Qh4 e6 25. Nf4 Nxc5 26. Nxg6+ Kg8 27. Nf4 Nbd7 28. Nh5 Bxc3 29. Qg3+ Kh8 30. Bd2 Na4 31. Rxe4 Qxh5 32. Bxc3+ Nxc3 33. Qxc3+ e5 34. Qc6 Qf5 35. Rb4 Nf6 36. Qxd6 Ne4 37. Qb6 Rg8 38. Qe3 Ng5 39. Rg4 h5 40. Bd3 Qf6 41. Rg3 a5 42. Qe2 1-0

[Event "POL-chT 2nd League South"]
[Site "Wisla"]
[Date "1998.??.??"]
[Round "?"]
[White "Stefanek, Piotr"]
[Black "Pinkas, Karol"]
[Result "0-1"]
[WhiteElo "2215"]
[BlackElo "2320"]
[PlyCount "118"]
[EventDate "1998.11.20"]
[EventType "team-swiss"]
[EventRounds "10"]
[EventCountry "POL"]
[SourceTitle "EXT 2000"]
[Source "ChessBase"]
[SourceDate "1999.11.16"]
[SourceVersion "1"]
[SourceVersionDate "1999.11.16"]
[SourceQuality "1"]

1. e4 e5 2. Nf3 Nc6 3. Bc4 Nf6 4. d3 Bc5 5. c3 d6 6. b4 Bb6 7. a4 a5 8. b5 Ne7 9. Nbd2 Ng6 10. 0-0 0-0 11. Re1 c6 12. d4 d5 13. Bb3 Re8 14. h3 exd4 15. exd5 Rxe1+ 16. Qxe1 cxd5 17. Nxd4 Bxd4 18. cxd4 Bf5 19. Nf3 h6 20. Be3 Qd6 21. Rc1 Be4 22. Nh2 Nf4 23. Bxf4 Qxf4 24. Nf1 Qg5 25. Ne3 Nh5 26. g3 Re8 27. Kh2 Nf4 28. h4 Qd8 29. Qd2 Nd3 30. Rc3 Nb4 31. Bd1 Qf6 32. Ng4 Qd6 33. f3 Bf5 34. Ne3 Bg6 35. Kg2 Qd8 36. Bb3 Qd6 37. Rc5 b6 38. Rc3 Qe6 39. Kh2 Qd6 40. Kg2 Qe6 41. Bd1 Bd3 42. Ng4 Bf5 43. Re3 Qc8 44. Ne5 f6 45. Rc3 Qe6 46. Nc6 Bh3+ 47. Kf2 Bf1 48. Re3 Qxe3+ 49. Qxe3 Rxe3 50. Kxe3 Nxc6 51. bxc6 Kf7 52. f4 Ke7 53. Bh5 Bc4 54. Kd2 Bb3 55. c7 Kd7 56. Kc3 Bc4 57. Be8+ Kxc7 58. Bb5 Bxb5 59. axb5 h5 0-1

[Event "POL-chT 2nd League South"]
[Site "Wisla"]
[Date "1998.??.??"]
[Round "?"]
[White "Stefanek, Piotr"]
[Black "Pyda, Zbigniew"]
[Result "0-1"]
[WhiteElo "2215"]
[BlackElo "2405"]
[PlyCount "54"]
[EventDate "1998.11.20"]
[EventType "team-swiss"]
[EventRounds "10"]
[EventCountry "POL"]
[SourceTitle "EXT 2000"]
[Source "ChessBase"]
[SourceDate "1999.11.16"]
[SourceVersion "1"]
[SourceVersionDate "1999.11.16"]
[SourceQuality "1"]

1. e4 c5 2. Nf3 Nc6 3. Bb5 g6 4. Bxc6 dxc6 5. d3 Bg4 6. h3 Bxf3 7. Qxf3 Bg7 8. 0-0 Nf6 9. Be3 Nd7 10. c3 Ne5 11. Qg3 Qxd3 12. Na3 Rd8 13. Rad1 Qxd1 14. Rxd1 Rxd1+ 15. Kh2 b6 16. Bh6 Bxh6 17. Qxe5 0-0 18. Qxe7 Rd2 19. Nc4 Bf4+ 20. g3 Rxf2+ 21. Kg1 Bxg3 22. Qg5 Rf3 23. Kg2 Rd3 24. e5 f6 25. exf6 Re8 26. Qg4 Bc7 27. h4 Rg3+ 0-1